LIBRARY & INFORMATION CENTRE, KCAET, TAVANUR

ONLINE PUBLIC ACCESS CATALOGUE (OPAC)

Text book of food science and technology / (Record no. 11992)

MARC details
000 -LEADER
fixed length control field 00455cam a2200169ua 4500
041 ## - LANGUAGE CODE
Language code of text/sound track or separate title eng
082 ## - DEWEY DECIMAL CLASSIFICATION NUMBER
Classification number 664
Item number VIJ/TE
100 ## - MAIN ENTRY--AUTHOR NAME
Personal name Vijaya, Khader .
245 ## - TITLE STATEMENT
Title Text book of food science and technology /
260 ## - PUBLICATION, DISTRIBUTION, ETC. (IMPRINT)
Place of publication New Delhi :
Name of publisher Indian Council for Agricultural Research ,
Year of publication 2001.
300 ## - PHYSICAL DESCRIPTION
Number of Pages 458 ; .
942 ## - ADDED ENTRY ELEMENTS (KOHA)
Koha item type Books
Holdings
Withdrawn status Lost status Damaged status Home library Current library Date acquired Full call number Accession Number Koha item type
      KAUAET KAUAET 07/04/2012 664 20868 Books
free website counter